Paises da oceania - Statistics

Estatísticas Gerais
  • Esse quiz foi jogado 28 vezes
  • A pontuação média é 6 de 14
Respostas no mapa
Respostas codificadas por cores de uma escala verde-vermelha no mapa do quiz de acordo com a % correta abaixo.
 
Estatísticas das Respostas
Resposta % Correto
Austrália
95%
Nova zelandia
86%
Papua nova guine
62%
Micronésia
43%
Kiribati
38%
Fiji
33%
Palau
33%
Vanuatu
29%
Ilhas marshall
29%
Ilhas Salomão
29%
Nauru
29%
Samoa
29%
Tonga
19%
Tuvalu
10%
Nenhum quiz correspondente encontrado
Distribuição das Pontuações
Porcentagem de Pessoas com Cada Pontuação
Percentil de Números Respondidos
Sua Pontuação Histórica
Você não jogou esse quiz